| 000 | 01249nam a2200313Ia 4500 | ||
|---|---|---|---|
| 001 | ebr10364810 | ||
| 003 | CaPaEBR | ||
| 006 | m u | ||
| 007 | cr cn||||||||| | ||
| 008 | 100902s2010 dcu sb i000 0 eng d | ||
| 040 |
_aCaPaEBR _cCaPaEBR |
||
| 035 | _a(OCoLC)502478206 | ||
| 050 | 1 | 4 |
_aHB3725 _b.D48 2010eb |
| 100 | 1 | _aDetragiache, Enrica. | |
| 245 | 1 | 0 |
_aResponding to banking crises _h[electronic resource] : _blessons from cross-country evidence / _cEnrica Detragiache and Giang Ho. |
| 260 |
_a[Washington, D.C.] : _bInternational Monetary Fund, _c2010. |
||
| 300 | _a31 p. | ||
| 490 | 1 |
_aIMF working paper ; _vWP/10/18 |
|
| 504 | _aIncludes bibliographical references. | ||
| 533 |
_aElectronic reproduction. _bPalo Alto, Calif. : _cebrary, _d2011. _nAvailable via World Wide Web. _nAccess may be limited to ebrary affiliated libraries. |
||
| 650 | 0 | _aFinancial crises. | |
| 650 | 0 | _aBanks and banking. | |
| 655 | 7 |
_aElectronic books. _2local |
|
| 700 | 1 | _aHo, Giang. | |
| 710 | 2 | _aInternational Monetary Fund. | |
| 710 | 2 | _aebrary, Inc. | |
| 830 | 0 |
_aIMF working paper ; _vWP/10/18. |
|
| 856 | 4 | 0 |
_uhttp://site.ebrary.com/lib/rucke/Doc?id=10364810 _zAn electronic book accessible through the World Wide Web; click to view |
| 999 |
_c215546 _d215546 |
||